North Macedonia in Eurovision - 12 points - Statistics

General Stats
  • This quiz has been taken 26 times
  • The average score is 49 of 52
Answer Stats
Hint Answer % Correct
1998 Croatia
100%
2005 SF Croatia
100%
2021 SF (Televote) Croatia
100%
2000 Romania
100%
2002 Romania
100%
2007 SF Serbia
100%
2007 Serbia
100%
2012 SF Serbia
100%
2015 SF Serbia
100%
2016 SF (Jury) Serbia
100%
2016 (Televote) Serbia
100%
2017 SF (Televote) Serbia
100%
2021 (Jury) Serbia
100%
2021 (Televote) Serbia
100%
2022 SF (Jury) Serbia
100%
2022 SF (Televote) Serbia
100%
2022 (Televote) Serbia
100%
2004 SF Albania
95%
2004 Albania
95%
2005 Albania
95%
2006 SF Albania
95%
2008 SF Albania
95%
2008 Albania
95%
2010 SF Albania
95%
2010 Albania
95%
2012 Albania
95%
2015 Albania
95%
2016 SF (Televote) Albania
95%
2018 SF (Televote) Albania
95%
2018 (Televote) Albania
95%
2019 SF (Jury) Albania
95%
2019 SF (Televote) Albania
95%
2019 (Televote) Albania
95%
2006 Bosnia & Herzegovina
95%
2011 SF Bosnia & Herzegovina
95%
2011 Bosnia & Herzegovina
95%
2017 SF (Jury) Bulgaria
95%
2017 (Jury) Bulgaria
95%
2017 (Televote) Bulgaria
95%
2018 SF (Jury) Bulgaria
95%
2014 Montenegro
95%
2019 (Jury) Italy
90%
2016 (Jury) Ukraine
90%
2013 SF Malta
85%
2014 SF Malta
85%
2022 (Jury) Spain
85%
1996 QR Sweden
85%
2009 SF Turkey
85%
2009 Turkey
85%
2013 Denmark
70%
2021 SF (Jury) Israel
65%
2018 (Jury) Estonia
55%
No matching quizzes found
Score Distribution
Percent of People with Each Score
Percentile by Number Answered
Your Score History
You have not taken this quiz